CANZUK - Top Universities - Statistics

General Stats
  • This quiz has been taken 16 times
  • The average score is 18 of 31
Answer Stats
Global Rank University Country % Correct
6 Cambridge UK
100%
4 Oxford UK
100%
19 Melbourne Australia
93%
25 Sydney Australia
93%
31 King's College London (KCL) UK
87%
34 Edinburgh UK
80%
79 Glasgow UK
73%
29 Toronto Canada
73%
86 Leeds UK
67%
27 McGill Canada
67%
92 Sheffield UK
67%
9 University College London (UCL) UK
67%
82 Adelaide Australia
60%
2 Imperial College London (ICL) UK
60%
56 London School of Economics and Political Science (LSE) UK
60%
35 Manchester UK
60%
65 Auckland New Zealand
53%
51 Bristol UK
53%
76 Birmingham UK
47%
94 Durham UK
47%
97 Nottingham UK
47%
42 Queensland Australia
47%
32 Australian National University (ANU) Australia
40%
40 British Columbia Canada
40%
94 Alberta Canada
33%
20 New South Wales (UNSW) Australia
33%
36 Monash Australia
27%
87 Southampton UK
27%
74 Warwick UK
27%
77 Western Australia Australia
27%
96 University of Technology Sydney Australia
7%
No matching quizzes found
Score Distribution
Percent of People with Each Score
Percentile by Number Answered
Your Score History
You have not taken this quiz